Taylor Swift - Toutes les Vault Tracks - Statistiques

Statistiques générales
  • Ce quiz a été pris 418 fois
    230 depuis la dernière actualisation
  • Le résultat moyen est 19 sur 27
Statistiques - réponses
Hint Réponse % Correct
Speak Now (Taylor's Version) I Can See You
92%
1989 (Taylor's Version) Is It Over Now?
92%
1989 (Taylor's Version) "Slut!"
92%
1989 (Taylor's Version) Now That We Don't Talk
90%
1989 (Taylor's Version) Say Don't Go
85%
Midnights You're Losing Me
85%
1989 (Taylor's Version) Suburban Legends
84%
Speak Now (Taylor's Version) When Emma Falls In Love
80%
Speak Now (Taylor's Version) Castles Crumbling
79%
Speak Now (Taylor's Version) Timeless
77%
Fearless(Taylor's Version) Mr. Perfectly Fine
75%
Speak Now (Taylor's Version) Electric Touch
74%
Red (Taylor's Version) I Bet You Think About Me
71%
Speak Now (Taylor's Version) Foolish One
69%
Red (Taylor's Version) Run
66%
Red (Taylor's Version) The Very First Night
66%
Red (Taylor's Version) Message in a Bottle
63%
Fearless(Taylor's Version) Bye Bye Baby
62%
Red (Taylor's Version) Babe
60%
Fearless(Taylor's Version) Don't You
60%
Red (Taylor's Version) Forever Winter
56%
Fearless(Taylor's Version) That's When
55%
Red (Taylor's Version) Better Man
54%
Red(Taylor's Version) Nothing New
54%
Red (Taylor's Version) All Too Well (10 Minute Version)
45%
Fearless(Taylor's Version) We Were Happy
45%
Fearless(Taylor's Version) You All Over Me
44%
Aucun quiz correspondant
Distribution des résultats
% des personnes avec chaque résultat
Percentile par nombre de réponses
Votre historique - résultats
Vous n’avez pas pris ce quiz depuis la dernière actualisation